| 000 | 00561nam a2200181Ia 4500 | ||
|---|---|---|---|
| 003 | GCL | ||
| 008 | 140319s9999 xx 000 0 ara d | ||
| 040 |
_aGCL / _cGCL |
||
| 082 | 0 | 4 |
_a780.92 _bع ا |
| 100 | 1 | _aعبدالله مناع | |
| 245 | 1 | 0 |
_aامبراطور النغم / _cعبدالله مناع |
| 260 |
_aالقاهرة : _bالهيئة المصرية العامة للكتاب ، _c1993 |
||
| 300 |
_a81 ص ؛ _c19 سم |
||
| 490 | _a | ||
| 650 | 0 | 4 | _aمحمد عبدالوهاب |
| 650 | 0 | 4 | _aالموسيقى العربية |
| 942 |
_2ddc _cBK |
||
| 999 |
_c30152 _d30152 |
||